Oblasti Ukrajiny - Statistics

General Stats
  • This quiz has been taken 17 times
  • The average score is 12 of 27
Answer Stats
Název % Correct
město Kyjev
93%
Autonomní republika Krym
86%
Lvovská oblast
86%
Luhanská oblast
79%
Záporožská oblast
79%
Oděská oblast
71%
Zakarpatská oblast
71%
Doněcká oblast
64%
Chersonská oblast
57%
město Sevastopol
57%
Sumská oblast
57%
Charkovská oblast
50%
Černihivská oblast
43%
Ternopilská oblast
43%
Ivanofrankivská oblast
36%
Kyjevská oblast
36%
Poltavská oblast
36%
Dněpropetrovská oblast
29%
Volyňská oblast
29%
Čerkaská oblast
21%
Mykolajivská oblast
21%
Rovenská oblast
21%
Černovická oblast
14%
Chmelnycká oblast
14%
Kirovohradská oblast
7%
Vinnycká oblast
7%
Žytomyrská oblast
7%
No matching quizzes found
Score Distribution
Percent of People with Each Score
Percentile by Number Answered
Your Score History
You have not taken this quiz